[Event "7. Arber-Open Bodenmais 2018"]
[Site "Bodenmais"]
[Date "2018.07.30"]
[Round "3.18"]
[White "Kneutgen, Alexander"]
[Black "Kugelmann, Werner"]
[Result "1/2-1/2"]
[WhiteElo "1933"]
[BlackElo "2119"]
[PlyCount "63"]
[EventDate "2018.??.??"]
[WhiteTeam "SG Niederkassel"]
[BlackTeam "TSV Wertingen"]

1. Nf3 Nf6 2. g3 g6 3. Bg2 Bg7 4. O-O O-O 5. d3 d6 6. e4 e5 7. a4 Nbd7 8. a5
Re8 9. Nbd2 Nf8 10. Nc4 Be6 11. b3 h6 12. h3 Qd7 13. Kh2 g5 14. Ne3 Ng6 15. Ra4
b5 16. Ra2 d5 17. exd5 Nxd5 18. Nxd5 Bxd5 19. Ne1 Rad8 20. Qg4 Qxg4 21. hxg4
Bxg2 22. Nxg2 e4 23. dxe4 Rxe4 24. Ne3 a6 25. c4 c6 26. cxb5 cxb5 27. Rc2 Re6
28. Bb2 Bxb2 29. Rxb2 Ne5 30. Kh3 Nf3 31. Rc1 Ne5 32. Rc7 1/2-1/2

[Event "7. Arber-Open Bodenmais 2018"]
[Site "Bodenmais"]
[Date "2018.07.30"]
[Round "3.19"]
[White "Wolff, Peter"]
[Black "Medunova, Vera"]
[Result "1/2-1/2"]
[WhiteElo "1894"]
[BlackElo "2101"]
[PlyCount "71"]
[EventDate "2018.??.??"]
[WhiteTeam "VSG Offenbach"]
[BlackTeam "SK Rothenburg"]

1. c4 Nf6 2. g3 c6 3. Nf3 d5 4. Bg2 dxc4 5. O-O Nbd7 6. Qc2 Nb6 7. Na3 Qd5 8.
Nh4 Qd4 9. Nf3 Qe4 10. Qxe4 Nxe4 11. Ne5 Nd6 12. Nxc6 bxc6 13. Bxc6+ Bd7 14.
Bxa8 Nxa8 15. b3 Nb6 16. Nxc4 Ndxc4 17. bxc4 Nxc4 18. d3 Nb6 19. Be3 e5 20.
Rfb1 Nc8 21. Rb7 Bd6 22. Rc1 Ke7 23. Bc5 Bxc5 24. Rxc5 Kd6 25. Ra5 Rd8 26. Ra6+
Ke7 27. f3 h5 28. h4 f6 29. Kf2 Re8 30. Ke3 Rd8 31. Kd2 Re8 32. Kc3 Rd8 33. Kd2
Re8 34. Ke3 Rd8 35. Kd2 Re8 36. Ke3 1/2-1/2

[Event "7. Arber-Open Bodenmais 2018"]
[Site "Bodenmais"]
[Date "2018.07.30"]
[Round "3.20"]
[White "Schmied, Eva-Maria"]
[Black "Wuest, Hans-Heiner"]
[Result "0-1"]
[WhiteElo "1559"]
[BlackElo "2026"]
[PlyCount "82"]
[EventDate "2018.??.??"]
[WhiteTeam "SC Mpoe Maria Saal"]
[BlackTeam "SV Walldorf"]

1. e4 c5 2. Nf3 d6 3. d4 cxd4 4. Nxd4 Nf6 5. Nc3 a6 6. Be3 e6 7. g4 h6 8. h4 e5
9. Nf5 g6 10. Nxh6 Bxh6 11. Bxh6 Nxg4 12. Bg5 Qb6 13. Qf3 Be6 14. O-O-O Qxf2
15. Qd3 Qc5 16. Qxd6 Nd7 17. Bh3 Qxd6 18. Rxd6 Nc5 19. Rhd1 O-O 20. b4 Nf2 21.
Bxe6 Nxd1 22. Bc4 Nxc3 23. Rxg6+ Kh7 24. Rh6+ Kg7 25. bxc5 Nxe4 26. Be3 Rh8 27.
Rb6 Rab8 28. Bd5 Nf6 29. Bxb7 Rxh4 30. Bc6 Rb4 31. Rxa6 Ne4 32. Bxe4 Rxe4 33.
Bf2 Rc4 34. Rb6 Rh8 35. Rb2 Rh2 36. Bg3 Rh1+ 37. Kd2 Rxc5 38. a4 Rg1 39. Bf2
Rg2 40. Ke1 Ra5 41. Ra2 Rg4 0-1

[Event "7. Arber-Open Bodenmais 2018"]
[Site "Bodenmais"]
[Date "2018.07.30"]
[Round "3.21"]
[White "Eizenhammer, Peter"]
[Black "Horther-Schneider, Elsbeth"]
[Result "1/2-1/2"]
[WhiteElo "2148"]
[BlackElo "1839"]
[PlyCount "94"]
[EventDate "2018.??.??"]
[WhiteTeam "SC Vilshofen"]
[BlackTeam "SC Windischeschenbach"]

1. e4 e6 2. d4 d5 3. Nd2 dxe4 4. Nxe4 Nf6 5. Nxf6+ Qxf6 6. Nf3 h6 7. Bd3 Bd6 8.
O-O O-O 9. Qe2 Re8 10. Ne5 Nc6 11. Nxc6 bxc6 12. c3 Bd7 13. f4 c5 14. Be3 Qe7
15. Rf3 cxd4 16. Bxd4 Bc5 17. Qf2 Bb6 18. Re1 c5 19. Bxg7 Kxg7 20. Qg3+ Kf8 21.
c4 Qf6 22. Re5 Bc6 23. Rf1 Rad8 24. f5 Bc7 25. fxe6 Bxe5 26. Rxf6 Bxf6 27. exf7
Bd4+ 28. Kf1 Kxf7 29. Qg6+ Ke7 30. Qxc6 Rf8+ 31. Ke1 Rd6 32. Qc7+ Rd7 33. Qa5
Rf6 34. g4 Re6+ 35. Kf1 Re3 36. Bf5 Rf3+ 37. Kg2 Rf2+ 38. Kg3 Rb7 39. b3 h5 40.
Qe1+ Kf8 41. Qe6 Re7 42. Qh6+ Rg7 43. Qd6+ Re7 44. Be6 hxg4 45. Kxg4 Rf6 46.
Qd8+ Re8 47. Qd6+ Re7 1/2-1/2

[Event "7. Arber-Open Bodenmais 2018"]
[Site "Bodenmais"]
[Date "2018.07.30"]
[Round "3.22"]
[White "Scheuerer, Werner"]
[Black "Kottmair, Toni"]
[Result "0-1"]
[WhiteElo "1828"]
[BlackElo "2126"]
[PlyCount "80"]
[EventDate "2018.??.??"]
[WhiteTeam "SC Garching"]
[BlackTeam "SK KÃ¶nigsbrunn"]

1. f4 g6 2. Nf3 d5 3. g3 Bg7 4. Bg2 Nf6 5. O-O O-O 6. d4 Bf5 7. Nc3 Qc8 8. e3
Na6 9. a3 c6 10. b4 Nc7 11. Bd2 Nb5 12. Qc1 Nd6 13. Ne5 Bh3 14. Rf2 Bxg2 15.
Rxg2 h5 16. Qd1 Nfe4 17. Nxe4 Nxe4 18. Rc1 Bxe5 19. dxe5 Qg4 20. Be1 Qxd1 21.
Rxd1 b5 22. g4 hxg4 23. Rxg4 e6 24. Bh4 Kg7 25. Rf1 Rh8 26. Be1 Rh5 27. Kg2
Rah8 28. Rh1 Rh3 29. Bg3 Kf8 30. Ra1 Nxg3 31. hxg3 Rh2+ 32. Kf3 Rxc2 33. Rh4
Rxh4 34. gxh4 c5 35. a4 cxb4 36. axb5 Rc5 37. Rxa7 Rxb5 38. Ra2 Ke7 39. Ra7+
Kd8 40. Rxf7 b3 0-1

[Event "7. Arber-Open Bodenmais 2018"]
[Site "Bodenmais"]
[Date "2018.07.30"]
[Round "3.23"]
[White "Schwenkreis, Thomas"]
[Black "Wunderlich, Matthias"]
[Result "1-0"]
[WhiteElo "2087"]
[BlackElo "1826"]
[PlyCount "67"]
[EventDate "2018.??.??"]
[WhiteTeam "SV Oberursel"]
[BlackTeam "BSV-KW JÃ¤nschwalde"]

1. e4 d6 2. d4 Nf6 3. Nc3 e5 4. d5 Be7 5. Be2 O-O 6. g4 Ne8 7. Be3 Bg5 8. Qd2
Bxe3 9. Qxe3 Nd7 10. O-O-O a6 11. g5 b5 12. Bg4 Nb6 13. Bxc8 Qxc8 14. Qg3 g6
15. Nce2 Ng7 16. Qh4 Qd8 17. Nh3 Qe7 18. Ng3 Nd7 19. Rhf1 b4 20. f4 exf4 21.
Rxf4 Ne8 22. Qh6 f6 23. Rdf1 Qg7 24. Qh4 a5 25. Ne2 Qe7 26. Nd4 Rf7 27. Ne6 Rc8
28. Nd4 Ra8 29. Nc6 Qf8 30. gxf6 Rxf6 31. Ng5 Qg7 32. Nd4 Rxf4 33. Rxf4 Ne5 34.
Nde6 1-0

[Event "7. Arber-Open Bodenmais 2018"]
[Site "Bodenmais"]
[Date "2018.07.30"]
[Round "3.24"]
[White "Hohlfeld, Wolfgang"]
[Black "Neumann, Lutz"]
[Result "1/2-1/2"]
[WhiteElo "2062"]
[BlackElo "1815"]
[PlyCount "49"]
[EventDate "2018.??.??"]
[WhiteTeam "SC Diogenes Hamburg"]
[BlackTeam "BSV Ehrenfriedersdorf"]

1. e4 e6 2. d4 d5 3. e5 c5 4. c3 Qb6 5. Nf3 Nc6 6. Bd3 Nge7 7. O-O cxd4 8. cxd4
Bd7 9. Nc3 a6 10. Bc2 Ng6 11. a3 Be7 12. Qd3 Na5 13. Bg5 Rc8 14. Na4 Qc7 15.
Rfc1 Bb5 16. Qd1 Bxg5 17. Nxg5 Qd8 18. Nf3 O-O 19. Nc3 Bd7 20. Qd3 Nc4 21. Rab1
b5 22. Re1 Qc7 23. Ne2 Nxa3 24. Qxa3 Qxc2 25. Qxa6 1/2-1/2

[Event "7. Arber-Open Bodenmais 2018"]
[Site "Bodenmais"]
[Date "2018.07.30"]
[Round "3.25"]
[White "Wacker, Andreas"]
[Black "Hein, Ralf"]
[Result "0-1"]
[WhiteElo "1824"]
[BlackElo "2048"]
[PlyCount "100"]
[EventDate "2018.??.??"]
[WhiteTeam "SC Lambsheim"]
[BlackTeam "SC Diogenes"]

1. e4 c5 2. Nc3 Nc6 3. g3 Nf6 4. Bg2 e6 5. f4 d5 6. e5 Nd7 7. d3 Be7 8. Nf3 O-O
9. O-O a6 10. a4 Rb8 11. Ne2 b5 12. axb5 axb5 13. g4 f6 14. exf6 Nxf6 15. h3 c4
16. d4 Ne4 17. Be3 Qc7 18. Ne5 Nd6 19. Ng3 Bh4 20. Kh2 b4 21. Qe2 Nb5 22. Nxc6
Qxc6 23. g5 Bxg3+ 24. Kxg3 Nd6 25. Kh2 c3 26. b3 Nf5 27. Ra4 Bb7 28. Rfa1 Ra8
29. Bf1 Rxa4 30. Rxa4 Qd6 31. Kg2 Nxe3+ 32. Qxe3 Rxf4 33. Rxb4 Re4 34. Qxc3 Qe7
35. Qd2 e5 36. c3 Rf4 37. Qe2 Qxg5+ 38. Kh2 Bc8 39. Rb8 Qf5 40. Bg2 e4 41. c4
Qd7 42. Ra8 Qb7 43. Ra5 Be6 44. Rb5 Qc7 45. Rc5 Qd6 46. Kh1 dxc4 47. Bxe4 g6
48. Bf3 Bxh3 49. Rxc4 Be6 50. Rb4 Rxf3 0-1

[Event "7. Arber-Open Bodenmais 2018"]
[Site "Bodenmais"]
[Date "2018.07.30"]
[Round "3.26"]
[White "Huhs, Sven"]
[Black "Bergmann, Reiner"]
[Result "1/2-1/2"]
[WhiteElo "2034"]
[BlackElo "1808"]
[PlyCount "139"]
[EventDate "2018.??.??"]
[WhiteTeam "FG Wohlde"]
[BlackTeam "SC Bayerwald"]

1. d4 d5 2. c4 e6 3. Nc3 Nf6 4. Bg5 Be7 5. Nf3 O-O 6. e3 Nbd7 7. Rc1 c6 8. a3
Ne4 9. Bxe7 Qxe7 10. Qc2 f5 11. Bd3 g5 12. O-O g4 13. Ne5 Qh4 14. f3 g3 15. h3
Nf2 16. Nxd7 Bxd7 17. Nd1 Nxd1 18. Rcxd1 Rf6 19. f4 Be8 20. Be2 Bh5 21. Bxh5
Qxh5 22. Rc1 Qf7 23. b4 Qe7 24. Qc3 Rg6 25. Rb1 Rc8 26. Rb3 Rg7 27. Rfb1 Rc7
28. c5 h6 29. a4 Qe8 30. Qd3 Qh5 31. Kf1 Qf7 32. Qe2 Kh7 33. b5 Rd7 34. a5 Kg6
35. a6 cxb5 36. Qxb5 bxa6 37. Qxa6 Kf6 38. Ke2 Qe8 39. Rb8 Rd8 40. R8b4 Rdd7
41. Kd2 Rge7 42. Rc1 Rg7 43. c6 Rc7 44. Qb5 Rge7 45. Qc5 Kf7 46. Rb3 Kf6 47.
Rbc3 Qb8 48. Qa3 Qe8 49. Qd6 Qb8 50. Qa3 Qe8 51. Qb4 Rg7 52. Qb5 Rge7 53. Kc2
Qh5 54. Kb2 Re8 55. Ka3 Rec8 56. R1c2 Qe8 57. Ka2 Rb8 58. Qa4 Rb6 59. Rc5 Qc8
60. Qa3 Ra6 61. Ra5 Rxa5 62. Qxa5 Rxc6 63. Rxc6 Qxc6 64. Qd8+ Kf7 65. Ka3 Qc3+
66. Ka4 Qc2+ 67. Ka5 Qxg2 68. Qd7+ Kf6 69. Qd8+ Kg6 70. Qe8+ 1/2-1/2

[Event "7. Arber-Open Bodenmais 2018"]
[Site "Bodenmais"]
[Date "2018.07.30"]
[Round "3.27"]
[White "Tober, Julian"]
[Black "Gschwendtner, Stanislav"]
[Result "0-1"]
[WhiteElo "1820"]
[BlackElo "2032"]
[PlyCount "64"]
[EventDate "2018.??.??"]
[WhiteTeam "SV Unser Fritz"]
[BlackTeam "SC Bayerwald"]

1. e4 c5 2. d4 cxd4 3. c3 Nf6 4. e5 Nd5 5. Bc4 Qc7 6. Qxd4 Nb6 7. Na3 Nc6 8.
Bxf7+ Kxf7 9. Qf4+ Ke8 10. Nf3 Nd5 11. Qe4 e6 12. Nb5 Qb6 13. c4 Bb4+ 14. Bd2
Bxd2+ 15. Nxd2 Nde7 16. Nd6+ Kf8 17. Qf4+ Nf5 18. g4 Nxe5 19. Qxe5 Qxd6 20. Qa5
b6 21. Qc3 Bb7 22. Nf3 Nd4 23. Nxd4 Bxh1 24. O-O-O Qf4+ 25. Kb1 Be4+ 26. Ka1
Qf6 27. Qa3+ Qe7 28. Qe3 Bc6 29. Nxc6 dxc6 30. Qf3+ Qf6 31. Qxc6 Rd8 32. Re1 h6
0-1

[Event "7. Arber-Open Bodenmais 2018"]
[Site "Bodenmais"]
[Date "2018.07.30"]
[Round "3.28"]
[White "Witte, Ronald"]
[Black "Van Hoorebeke, Jimmy"]
[Result "1-0"]
[WhiteElo "2031"]
[BlackElo "1783"]
[PlyCount "113"]
[EventDate "2018.??.??"]
[WhiteTeam "BSV 63 Chemie WeiÃŸensee"]
[BlackTeam "Belgien"]
[BlackTeamCountry "BEL"]

1. d4 f5 2. g3 Nf6 3. Bg2 g6 4. Nf3 Bg7 5. O-O O-O 6. c4 d6 7. b3 Qe8 8. Bb2
Ne4 9. Nfd2 Nxd2 10. Qxd2 e5 11. dxe5 dxe5 12. e4 f4 13. f3 Nc6 14. Nc3 Be6 15.
Nd5 Qd7 16. Rad1 Rad8 17. Qe2 Bxd5 18. cxd5 Ne7 19. Ba3 Rf7 20. Bxe7 Qxe7 21.
Bh3 Rff8 22. Be6+ Kh8 23. g4 Rd6 24. Rc1 Rfd8 25. Rc2 c6 26. Rfc1 Bf6 27. b4 a6
28. Qc4 Bg7 29. a4 Rxe6 30. dxe6 Rd4 31. Qc5 Qxe6 32. b5 axb5 33. axb5 h5 34.
bxc6 bxc6 35. Qxc6 Qb3 36. Qc3 Qxc3 37. Rxc3 hxg4 38. Rc4 Rxc4 39. Rxc4 gxf3
40. Kf2 Bf6 41. Rc7 Bg7 42. Kxf3 Kh7 43. Kg4 Kh6 44. Rf7 Bh8 45. Rd7 Bg7 46.
Rd3 Kh7 47. Kg5 Bh6+ 48. Kf6 Bg7+ 49. Kf7 g5 50. h3 Bh6 51. Rd6 Bg7 52. Rc6 Bh6
53. Rg6 f3 54. Rf6 g4 55. hxg4 Bf4 56. g5 Bg3 57. Rxf3 1-0

[Event "7. Arber-Open Bodenmais 2018"]
[Site "Bodenmais"]
[Date "2018.07.30"]
[Round "3.29"]
[White "Godoj, Veit"]
[Black "Khamenya, Vitalia"]
[Result "1-0"]
[WhiteElo "2017"]
[BlackElo "1770"]
[PlyCount "71"]
[EventDate "2018.??.??"]
[WhiteTeam "KÃ¶nigsjÃ¤ger SW Berlin"]
[BlackTeam "SK GrÃ¤felfing"]

1. e4 c5 2. b3 g6 3. Bb2 Nf6 4. Nc3 d6 5. Nd5 Nbd7 6. Bb5 e5 7. Nxf6+ Qxf6 8.
Ne2 a6 9. Bd3 Qg5 10. O-O Bg7 11. f4 Qh6 12. a4 Nf6 13. h3 Nh5 14. fxe5 Bxe5
15. Bxe5 dxe5 16. Bc4 O-O 17. Qe1 Qg5 18. Kh2 Bd7 19. Bd5 Rab8 20. Qf2 Qe7 21.
d3 Kg7 22. g4 Nf6 23. Nc3 h5 24. g5 Nxd5 25. Nxd5 Qxg5 26. Rg1 Qd8 27. Qxc5 Rc8
28. Qf2 Be6 29. c4 b5 30. axb5 axb5 31. Ra7 Bxd5 32. exd5 bxc4 33. bxc4 Qd6 34.
Qg3 Qb8 35. Re7 Rce8 36. Qxg6+ 1-0

[Event "7. Arber-Open Bodenmais 2018"]
[Site "Bodenmais"]
[Date "2018.07.30"]
[Round "3.30"]
[White "Huber, Florian"]
[Black "Kronschnabl, Matthias"]
[Result "1-0"]
[WhiteElo "2007"]
[BlackElo "1751"]
[PlyCount "45"]
[EventDate "2018.??.??"]
[WhiteTeam "SK Landau-Dingolfing"]
[BlackTeam "SC Bayerwald"]

1. d4 Nf6 2. Nf3 d5 3. e3 e6 4. Bd3 c5 5. b3 Nc6 6. Nbd2 cxd4 7. exd4 Bb4 8.
Bb2 O-O 9. c3 Bd6 10. O-O a6 11. c4 Bd7 12. Ne5 Nb4 13. Bb1 b5 14. c5 Bc7 15.
f4 Be8 16. Qe1 Nd7 17. Ndf3 Nxe5 18. dxe5 Nc6 19. Bxh7+ Kh8 20. Ng5 g6 21. Qh4
Kg7 22. Bxg6 Rh8 23. Qg4 1-0

[Event "7. Arber-Open Bodenmais 2018"]
[Site "Bodenmais"]
[Date "2018.07.30"]
[Round "3.31"]
[White "Glaser, Max"]
[Black "Steinbach, Peter"]
[Result "1/2-1/2"]
[WhiteElo "1812"]
[BlackElo "2000"]
[PlyCount "96"]
[EventDate "2018.??.??"]
[WhiteTeam "SC Furth WaldmÃ¼nchen"]
[BlackTeam "SV Crailsheim"]

1. e4 c6 2. d4 d5 3. Nc3 dxe4 4. Nxe4 Bf5 5. Ng3 Bg6 6. h4 h6 7. Nf3 e6 8. Bd3
Bxd3 9. Qxd3 Nf6 10. Bf4 Qa5+ 11. Bd2 Bb4 12. a3 Bxd2+ 13. Qxd2 Qd5 14. Qe2 O-O
15. O-O Nbd7 16. c4 Qd6 17. Rad1 Qf4 18. Rfe1 Rfd8 19. Qd2 Qg4 20. Qc2 Rac8 21.
b3 Nf8 22. Nf1 Ng6 23. N1h2 Qf4 24. g3 Qc7 25. Ne5 Nxe5 26. dxe5 Rxd1 27. Qxd1
Rd8 28. Qc2 Nd7 29. Nf3 Nf8 30. Re2 Qa5 31. a4 Qb4 32. Ne1 Qc5 33. Nf3 Ng6 34.
h5 Ne7 35. Rd2 Qb6 36. Rd3 Kf8 37. Qd2 Ke8 38. Rd6 Nf5 39. Rd3 Rxd3 40. Qxd3
Nxg3 41. a5 Qc5 42. b4 Qxb4 43. fxg3 Qxa5 44. Qd6 Qd8 45. Qc5 Qd1+ 46. Kf2 Qc2+
47. Ke3 Qc3+ 48. Ke2 Qb2+ 1/2-1/2

[Event "7. Arber-Open Bodenmais 2018"]
[Site "Bodenmais"]
[Date "2018.07.30"]
[Round "3.32"]
[White "Fehrmann, Gregor"]
[Black "Bartels, Vladimir"]
[Result "1-0"]
[WhiteElo "1989"]
[BlackElo "1739"]
[PlyCount "97"]
[EventDate "2018.??.??"]
[WhiteTeam "SK BruckmÃ¼hl"]
[BlackTeam "Niederlande"]
[BlackTeamCountry "NED"]

1. e4 e5 2. Nf3 Nc6 3. Bc4 Bc5 4. O-O d6 5. h3 Nf6 6. Re1 h6 7. c3 Be6 8. Bxe6
fxe6 9. b4 Bb6 10. a4 a6 11. Qb3 Qd7 12. Bb2 g5 13. a5 Ba7 14. b5 axb5 15. Qxb5
g4 16. hxg4 Nxg4 17. d4 exd4 18. Qh5+ Qf7 19. Qxg4 Rg8 20. Qh3 dxc3 21. Bxc3
O-O-O 22. Nbd2 Rg6 23. Kf1 Ne5 24. Bxe5 dxe5 25. Re2 Bd4 26. Nxd4 exd4 27. Ra3
Qd7 28. a6 b6 29. Qd3 b5 30. e5 Qc6 31. Nf3 Rg4 32. Rc2 Qd5 33. a7 Kb7 34. Qh7
Ka8 35. Qxc7 Rgg8 36. Qc6+ Qxc6 37. Rxc6 Rge8 38. Rd6 Rxd6 39. exd6 b4 40. Rb3
Rd8 41. Rxb4 e5 42. Rb8+ Rxb8 43. axb8=Q+ Kxb8 44. Nxe5 Kb7 45. Ke2 h5 46. Kd3
h4 47. Kxd4 h3 48. gxh3 Kc8 49. h4 1-0

[Event "7. Arber-Open Bodenmais 2018"]
[Site "Bodenmais"]
[Date "2018.07.30"]
[Round "3.33"]
[White "Uneken, Bert"]
[Black "Schultes, Christoph"]
[Result "1-0"]
[WhiteElo "1804"]
[BlackElo "1976"]
[PlyCount "57"]
[EventDate "2018.??.??"]
[WhiteTeam "Niederlande"]
[BlackTeam "SK Landau-Dingolfing"]
[WhiteTeamCountry "NED"]

1. d4 d5 2. c4 e6 3. cxd5 exd5 4. Nc3 c6 5. Qc2 Bd6 6. Nf3 Ne7 7. Bg5 f6 8. Bh4
Bf5 9. Qb3 Qb6 10. Nd2 Qxd4 11. Qxb7 Qxh4 12. Qxa8 Qb4 13. O-O-O d4 14. Nce4
Bf4 15. a3 Qb6 16. e3 dxe3 17. fxe3 Qxe3 18. Kb1 Bxe4+ 19. Nxe4 Qxe4+ 20. Bd3
Qd4 21. Bg6+ hxg6 22. Rxd4 Be5 23. Rdd1 O-O 24. Qxa7 Nd5 25. Rhe1 Rf7 26. Qc5
Rb7 27. Rxe5 fxe5 28. Rxd5 cxd5 29. Qc8+ 1-0

[Event "7. Arber-Open Bodenmais 2018"]
[Site "Bodenmais"]
[Date "2018.07.30"]
[Round "3.34"]
[White "Kochendoerfer, Juergen"]
[Black "Reuter, Roland"]
[Result "0-1"]
[WhiteElo "1776"]
[BlackElo "1953"]
[PlyCount "94"]
[EventDate "2018.??.??"]
[WhiteTeam "SV Crailsheim"]
[BlackTeam "SK Schwabach"]

1. b3 d5 2. Bb2 c5 3. e3 Nc6 4. Bb5 Nf6 5. Nf3 a6 6. Bxc6+ bxc6 7. h3 e6 8. O-O
Bd6 9. d3 O-O 10. Re1 Be7 11. Nbd2 a5 12. a4 Ba6 13. c4 Qb6 14. Rb1 Rad8 15. d4
Nd7 16. Qc2 Bf6 17. cxd5 cxd5 18. dxc5 Qxc5 19. Qxc5 Nxc5 20. Bxf6 gxf6 21. Nd4
Rc8 22. e4 Bd3 23. Rb2 Bxe4 24. Nxe4 Nxe4 25. b4 Rc4 26. Nc2 axb4 27. f3 Nc5
28. Ra1 b3 29. Ne3 Rxa4 30. Rxa4 Nxa4 31. Rxb3 Rc8 32. Kf2 Kg7 33. Rb4 Nc5 34.
Rg4+ Kf8 35. Rh4 Ke7 36. Rxh7 d4 37. Nd1 Nd3+ 38. Kg3 Rc2 39. Rg7 Rd2 40. h4
Rxd1 41. Kh2 Nf4 42. g4 Kf8 43. Rh7 Kg8 44. Rh6 Kg7 45. g5 fxg5 46. hxg5 d3 47.
Kg3 Rg1+ 0-1

[Event "7. Arber-Open Bodenmais 2018"]
[Site "Bodenmais"]
[Date "2018.07.30"]
[Round "3.35"]
[White "Stehlik, Christian"]
[Black "Rier, Guenter"]
[Result "1-0"]
[WhiteElo "1747"]
[BlackElo "1930"]
[PlyCount "67"]
[EventDate "2018.??.??"]
[WhiteTeam "SC Bayerwald"]
[BlackTeam "SV MÃ¶dling"]

1. e4 e6 2. d4 d5 3. e5 c5 4. c3 Nc6 5. Nf3 Bd7 6. Bd3 Rc8 7. O-O cxd4 8. cxd4
Nb4 9. Nc3 Nxd3 10. Qxd3 Qb6 11. a4 a6 12. Rb1 Bb4 13. Be3 Ne7 14. Ne1 Nc6 15.
Nc2 Na5 16. Bd2 Nc6 17. f4 Be7 18. b4 Nd8 19. f5 exf5 20. Ne3 Be6 21. Ncxd5
Bxd5 22. Nxd5 Qe6 23. Nxe7 Qxe7 24. Qxf5 Qe6 25. Qe4 Rc4 26. Rbc1 O-O 27. Rxc4
Qxc4 28. Rc1 Qa2 29. Bg5 Qxa4 30. Bxd8 Rxd8 31. Qxb7 h6 32. Qc7 Rxd4 33. Qc8+
Kh7 34. Qf5+ 1-0

[Event "7. Arber-Open Bodenmais 2018"]
[Site "Bodenmais"]
[Date "2018.07.30"]
[Round "3.36"]
[White "Lehmann, Tim"]
[Black "Mittermaier, Johann"]
[Result "1-0"]
[WhiteElo "1915"]
[BlackElo "1696"]
[PlyCount "23"]
[EventDate "2018.??.??"]
[WhiteTeam "SV Lahn Limburg"]
[BlackTeam "SV Deggendorf"]

1. d4 Nf6 2. Bf4 d5 3. e3 c5 4. c3 e6 5. Nd2 Nc6 6. Ngf3 cxd4 7. exd4 Nh5 8.
Be3 Bd6 9. Ne5 Nxe5 10. dxe5 Bxe5 11. Qxh5 Bf6 12. Bb5+ 1-0

[Event "7. Arber-Open Bodenmais 2018"]
[Site "Bodenmais"]
[Date "2018.07.30"]
[Round "3.37"]
[White "Bruening, Martin"]
[Black "Grabmeier, Johannes"]
[Result "1/2-1/2"]
[WhiteElo "1736"]
[BlackElo "1906"]
[PlyCount "64"]
[EventDate "2018.??.??"]
[WhiteTeam "TuS Syke"]
[BlackTeam "SV Deggendorf"]

1. d4 c5 2. d5 f5 3. c4 Nf6 4. Nc3 g6 5. Nf3 d6 6. Qc2 Bg7 7. e3 O-O 8. Bd3 Na6
9. a3 Kh8 10. O-O e5 11. dxe6 Bxe6 12. Rd1 Nc7 13. b3 Qe7 14. Bb2 Rab8 15. Rd2
a6 16. a4 Rfd8 17. Rad1 Bf7 18. e4 f4 19. Nd5 Nfxd5 20. Bxg7+ Kxg7 21. exd5 Qf6
22. Qb2 Re8 23. Qxf6+ Kxf6 24. Kf1 Re7 25. Re1 Rbe8 26. Rde2 Rxe2 27. Rxe2 Rxe2
28. Kxe2 a5 29. h4 h6 30. g3 fxg3 31. fxg3 Ne8 32. Ke3 b6 1/2-1/2

[Event "7. Arber-Open Bodenmais 2018"]
[Site "Bodenmais"]
[Date "2018.07.30"]
[Round "3.38"]
[White "Kissel, Ralf"]
[Black "Froeschle, Andreas"]
[Result "0-1"]
[WhiteElo "1639"]
[BlackElo "1869"]
[PlyCount "52"]
[EventDate "2018.??.??"]
[WhiteTeam "SK Mannheim"]
[BlackTeam "SV Unterkochen"]

1. e4 d6 2. d4 Nf6 3. Nc3 Nbd7 4. Nf3 e5 5. Bc4 Be7 6. O-O c6 7. a4 Qc7 8. b3
O-O 9. Ba3 h6 10. dxe5 Nxe5 11. Be2 Ng6 12. Qd2 Bg4 13. Rfd1 Rad8 14. Qe3 Rfe8
15. h3 Bc8 16. Qxa7 Nf4 17. Qe3 d5 18. Bxe7 Rxe7 19. e5 Ng6 20. Rd2 Nxe5 21.
Nxe5 Rxe5 22. Qg3 Qe7 23. Qd3 Re8 24. Bf3 Bf5 25. Qf1 Qb4 26. Nb1 Re1 0-1

[Event "7. Arber-Open Bodenmais 2018"]
[Site "Bodenmais"]
[Date "2018.07.30"]
[Round "3.39"]
[White "Simacek, Vaclav"]
[Black "Rempe, Jonas"]
[Result "0-1"]
[WhiteElo "1868"]
[BlackElo "1567"]
[PlyCount "86"]
[EventDate "2018.??.??"]
[WhiteTeam "Å K Sokol Klatovy"]
[BlackTeam "SK Doppelbauer Kiel"]

1. e4 e5 2. Nc3 Nf6 3. f4 d5 4. exd5 Nxd5 5. fxe5 Nxc3 6. bxc3 Qh4+ 7. Ke2 Qc4+
8. Kf2 Bc5+ 9. d4 Qxc3 10. Be3 Bb6 11. Bb5+ Bd7 12. Ne2 Qa3 13. Bc4 Nc6 14. Bb3
O-O-O 15. Rf1 Bg4 16. c3 Nxe5 17. Rc1 Bf5 18. h3 Nd3+ 19. Kg1 Nxc1 20. Bxc1 Qa5
21. c4 Bg6 22. Kh1 Qh5 23. Rf3 Be4 24. Rg3 Bxd4 25. Nxd4 Qxd1+ 26. Bxd1 Rxd4
27. Be2 Bg6 28. Bb2 Rd2 29. Bg4+ f5 30. Bxg7 Rg8 31. Bc3 Rdd8 32. Bf3 Kb8 33.
Bd5 Bf7 34. Rd3 Bxd5 35. cxd5 Rg6 36. Be5 Ra6 37. Rg3 Rg6 38. Rc3 Rxd5 39.
Bxc7+ Kc8 40. Bf4+ Kd8 41. g3 Re6 42. Rc2 Rd1+ 43. Kg2 Ree1 0-1

[Event "7. Arber-Open Bodenmais 2018"]
[Site "Bodenmais"]
[Date "2018.07.30"]
[Round "3.40"]
[White "Fuchs, Florian"]
[Black "Albrecht, Manuel"]
[Result "1/2-1/2"]
[WhiteElo "1621"]
[BlackElo "1863"]
[PlyCount "69"]
[EventDate "2018.??.??"]
[WhiteTeam "DJK SF Haselbach"]
[BlackTeam "SK Landau-Dingolfing"]

1. d4 Nf6 2. Bf4 d5 3. e3 c5 4. c3 Nc6 5. Bd3 e6 6. Nd2 b6 7. h3 h6 8. Ngf3 c4
9. Bc2 Bd6 10. Ne5 Qc7 11. Ndf3 Nd7 12. Nxc6 Bxf4 13. exf4 Qxc6 14. Ne5 Nxe5
15. fxe5 Bd7 16. Qg4 g5 17. f4 O-O-O 18. fxg5 Rdg8 19. g6 fxg6 20. O-O h5 21.
Qg5 Qc7 22. Rf6 Qd8 23. h4 Rg7 24. Raf1 Rhg8 25. R1f3 Qe7 26. Qf4 g5 27. hxg5
Rxg5 28. Rf8+ Rxf8 29. Qxf8+ Qxf8 30. Rxf8+ Kc7 31. Rf6 Kd8 32. Bg6 h4 33. Kf2
Rg3 34. Bf7 Ke7 35. Bg6 1/2-1/2

[Event "7. Arber-Open Bodenmais 2018"]
[Site "Bodenmais"]
[Date "2018.07.30"]
[Round "3.41"]
[White "Strahl, Christian"]
[Black "Lindstaedt, Erik"]
[Result "1-0"]
[WhiteElo "1861"]
[BlackElo "919"]
[PlyCount "85"]
[EventDate "2018.??.??"]
[WhiteTeam "1.FC Marktleuthen"]
[BlackTeam "SV Unser Fritz"]

1. e4 c6 2. d4 d6 3. Nc3 Nf6 4. Bf4 e6 5. Qd2 d5 6. exd5 exd5 7. O-O-O Be7 8.
Bd3 O-O 9. f3 Nbd7 10. Nge2 c5 11. dxc5 Nxc5 12. Kb1 Ne6 13. Bb5 a6 14. Ba4 b5
15. Bb3 Bb4 16. Bxd5 Nxd5 17. Qxd5 Qxd5 18. Nxd5 Bc5 19. b4 Ba7 20. Nc7 Nxc7
21. Bxc7 Be6 22. Bf4 Rac8 23. Rd2 Rc4 24. c3 Bb6 25. Rd6 Rb8 26. Rxe6 Rxf4 27.
Rxb6 Rxb4+ 28. cxb4 Rxb6 29. Rd1 f6 30. Nf4 Kf7 31. Rd7+ Kg8 32. Re7 Kf8 33.
Re6 Rxe6 34. Nxe6+ Ke7 35. Nc7 g5 36. Nxa6 h5 37. Nc7 f5 38. Nxb5 Kf6 39. a4
Ke5 40. a5 g4 41. a6 gxf3 42. gxf3 Kf4 43. a7 1-0

[Event "7. Arber-Open Bodenmais 2018"]
[Site "Bodenmais"]
[Date "2018.07.30"]
[Round "3.42"]
[White "Benischek, Wolfgang"]
[Black "Desoye, Gernot"]
[Result "1-0"]
[WhiteElo "2122"]
[BlackElo "1767"]
[PlyCount "67"]
[EventDate "2018.??.??"]
[WhiteTeam "SK Freising"]
[BlackTeam "SF Graz"]

1. f4 d5 2. e3 Nf6 3. Nf3 c5 4. d4 Nc6 5. Be2 g6 6. O-O cxd4 7. exd4 Bg7 8. c3
O-O 9. Ne5 e6 10. Nd2 Bd7 11. Ndf3 Rb8 12. Bd3 b5 13. Qe2 Na5 14. b3 Qb6 15.
Ba3 Rfc8 16. Rac1 a6 17. Kh1 Nb7 18. g4 Be8 19. f5 exf5 20. gxf5 Qa5 21. Bb4
Qd8 22. fxg6 hxg6 23. Ng5 Nd6 24. Nxg6 fxg6 25. Qe6+ Nf7 26. Bxg6 Rb7 27. Rce1
Rc6 28. Rxf6 Rxe6 29. Rfxe6 Bf8 30. Rxe8 Qxg5 31. Rg1 Qh6 32. Rxf8+ Qxf8 33.
Bxf8 Kxf8 34. Rf1 1-0